000 00449pab a2200157 454500
008 180718b1998 xxu||||| |||| 00| 0 eng d
100 _aFleishman, Edwin A.
245 _aPatterns of leadership behavior related to employee grievances and turnover: some post hoc reflections
260 _c1998
300 _ap.825-34
362 _aWinter
650 _aLeadership
650 _aLabour relations
773 _aPersonnel Pschology
909 _a40028
999 _c40028
_d40028